|
|
|
|
| LEADER |
00000nam a2200000 a 4500 |
| 001 |
vtls010277320 |
| 003 |
SK-MaSNL |
| 005 |
20260301031734.0 |
| 008 |
240313s2010 xo o g 000 0bhun |
| 015 |
|
|
|a SNBA2011/07-03697
|
| 020 |
|
|
|a 9788081040313
|q (brož.)
|
| 035 |
|
|
|a F8E5D11A-5C57-4F01-941C-BEB056413987
|
| 035 |
|
|
|a urn:nbn:sk:snk-amjhsm
|
| 035 |
|
|
|a urn:nbn:sk:snk-am0015tj
|
| 040 |
|
|
|a SNK
|b slo
|c SNK
|e AACR2
|
| 041 |
0 |
|
|a hun
|
| 044 |
|
|
|a xo
|c SK
|
| 072 |
|
7 |
|a 821.511.1.09
|x Ugrofínske literatúry (o nich)
|2 konspekt
|
| 072 |
|
7 |
|a 929
|x Biografie
|2 konspekt
|
| 080 |
|
|
|a 821.511.141-051
|2 2001
|
| 080 |
|
|
|a (092)
|2 2001
|
| 100 |
1 |
|
|a Filep, Tamás Gusztáv,
|d 1961-
|4 aut
|9 107231
|
| 245 |
1 |
0 |
|a Tóth László
|c Filep Tamás Gusztáv
|
| 250 |
|
|
|a 2. kiad.
|
| 260 |
|
|
|a Dunaszerdahely
|b NAP Kiadó
|c 2010
|
| 300 |
|
|
|a 324 s.
|b fotogr.
|c 19 cm
|
| 366 |
|
|
|e 400 výt.
|
| 490 |
1 |
|
|a Műhely
|
| 500 |
|
|
|a Chronológia
|
| 504 |
|
|
|a Pozn.
|
| 600 |
1 |
7 |
|a Tóth, László,
|d 1949-
|2 SNKMA
|9 103353
|
| 648 |
|
7 |
|a 20.-21. stor.
|2 SNKPH
|9 270701
|
| 648 |
|
7 |
|a 20th-21st centuries
|2 SNKPHeng
|9 285312
|
| 650 |
0 |
7 |
|a maďarskí spisovatelia
|2 SNKPH
|9 55632
|
| 650 |
0 |
7 |
|a Hungarian authors
|2 SNKPHeng
|9 324221
|
| 655 |
|
7 |
|a biografie
|2 SNKPH
|9 27965
|
| 655 |
|
7 |
|a Biography
|2 SNKPHeng
|9 266314
|
| 752 |
|
|
|a Slovensko
|d Dunajská Streda
|
| 830 |
|
0 |
|a Műhely
|9 300200
|
| 919 |
|
|
|a 978-80-8104-031-3
|
| 958 |
|
|
|a HU
|
| 958 |
|
|
|a NM
|
| 958 |
|
|
|a LX
|
| 968 |
|
|
|d 821
|
| 999 |
|
|
|c 577233
|d 579163
|
| 952 |
|
|
|a SNK
|b SNK
|y PREZ
|7 0
|p 17A0702338
|o snkSD 80186
|i snk2011/10638
|8 0
|0 0
|1 0
|4 0
|d 2011-05-10
|l 0
|r 2025-11-27 00:00:00
|w 2026-02-23
|
| 952 |
|
|
|a SNK
|b SNK
|y VYP
|7 0
|p 17A0702339
|o snkSD 80186 D1
|i snk2011/10639
|8 0
|0 0
|1 0
|4 0
|d 2011-05-10
|f 1
|l 0
|r 2017-06-30 00:00:00
|w 2026-02-23
|